000 00296nam a2200133Ia 4500
005 20251222141917.0
008 251222s9999||||xx |||||||||||||| ||spa||
020 _a84-8280-325-5
082 _a820/H98
100 _aHuxley, Aldous
245 0 _aContrapunto
264 _bOveja Negra
942 _cLIB
999 _c8598
_d8598